[Event "Palma de Mallorca op"]
[Site "Palma de Mallorca"]
[Date "1992.??.??"]
[Round "4"]
[White "Ubilava, Elizbar"]
[Black "Eslon, Jaan"]
[Result "1-0"]
[WhiteElo "2560"]
[BlackElo "2420"]
[PlyCount "99"]
[EventDate "1992.04.??"]
[EventType "swiss"]
[EventRounds "9"]
[EventCountry "ESP"]
[SourceTitle "TD"]
[Source "ChessBase"]
[SourceDate "1994.03.01"]
[SourceVersion "1"]
[SourceVersionDate "1994.03.01"]
[SourceQuality "1"]

1. Nf3 g6 2. c4 f5 3. Nc3 Nf6 4. d3 Bg7 5. e4 d6 6. exf5 Bxf5 7. d4 O-O 8. Bd3
Bg4 9. h3 Bxf3 10. Qxf3 Nc6 11. d5 Nh5 12. Qe2 Bxc3+ 13. bxc3 Ne5 14. Bc2 c6
15. dxc6 bxc6 16. O-O Qa5 17. Bh6 Qxc3 18. Bxf8 Rxf8 19. Be4 Qd4 20. Rfe1 Nf6
21. Rad1 Qc5 22. Bc2 Nfd7 23. Qe3 Qxe3 24. Rxe3 Nc5 25. Rde1 Rf6 26. Rxe5 dxe5
27. Rxe5 Ne6 28. Ra5 Rf4 29. Bb3 Kf7 30. Rxa7 Rd4 31. c5 Kf6 32. Ra6 Nd8 33.
Rb6 Ke5 34. a4 Rd7 35. a5 Nb7 36. Ba4 Nxc5 37. Bxc6 Rd1+ 38. Kh2 Ra1 39. Rb5
Kd6 40. Bf3 e5 41. Ba8 Ra3 42. f3 Ra4 43. Kg3 g5 44. Bb7 h5 45. a6 h4+ 46. Kh2
Ra1 47. Rb6+ Ke7 48. Rg6 Ne6 49. Bc8 Nd4 50. a7 1-0

[Event "Palma de Mallorca op"]
[Site "Palma de Mallorca"]
[Date "1992.??.??"]
[Round "8"]
[White "Ubilava, Elizbar"]
[Black "Doncevic, Dario"]
[Result "1-0"]
[WhiteElo "2560"]
[BlackElo "2355"]
[PlyCount "68"]
[EventDate "1992.04.??"]
[EventType "swiss"]
[EventRounds "9"]
[EventCountry "ESP"]
[SourceTitle "TD"]
[Source "ChessBase"]
[SourceDate "1994.03.01"]
[SourceVersion "1"]
[SourceVersionDate "1994.03.01"]
[SourceQuality "1"]

1. Nf3 Nf6 2. c4 g6 3. b4 Bg7 4. Bb2 O-O 5. e3 d6 6. d4 e5 7. dxe5 Ng4 8. Nc3
Nxe5 9. Nxe5 Bxe5 10. Be2 a5 11. b5 Qh4 12. g3 Qh3 13. Bf1 Qh6 14. Bg2 Nd7 15.
Qe2 Nc5 16. Nd5 Bxb2 17. Ne7+ Kh8 18. Qxb2+ f6 19. O-O Be6 20. Nd5 Qg7 21. Rfd1
Rad8 22. b6 c6 23. Nc7 Bxc4 24. Qc3 Qf7 25. Qxa5 Na6 26. Nxa6 Bxa6 27. Bxc6 Ra8
28. Bd5 Qe7 29. Qb4 Rac8 30. Rd2 Rc5 31. Bf3 Qe5 32. Rad1 Rfc8 33. Rd5 Rc1 34.
Kg2 Kg7 1-0

[Event "Ponferrada op"]
[Site "Ponferrada"]
[Date "1992.??.??"]
[Round "?"]
[White "Ubilava, Elizbar"]
[Black "Frois, Antonio"]
[Result "1-0"]
[WhiteElo "2540"]
[BlackElo "2380"]
[PlyCount "67"]
[EventDate "1992.08.??"]
[EventType "swiss"]
[EventRounds "9"]
[EventCountry "ESP"]
[SourceTitle "EXT 2000"]
[Source "ChessBase"]
[SourceDate "1999.11.16"]
[SourceVersion "1"]
[SourceVersionDate "1999.11.16"]
[SourceQuality "1"]

1. d4 d5 2. c4 e6 3. Nf3 c5 4. cxd5 exd5 5. g3 Nc6 6. Bg2 Nf6 7. O-O cxd4 8.
Nxd4 Be7 9. Nc3 O-O 10. Bf4 Bg4 11. Qa4 Qd7 12. Rad1 Rfd8 13. Rd2 Bh3 14. Rfd1
Bxg2 15. Kxg2 Rac8 16. Nxc6 bxc6 17. e4 Qb7 18. Bg5 dxe4 19. Bxf6 Rxd2 20. Rxd2
Bxf6 21. Nxe4 Be7 22. Qd4 Bf8 23. Qd7 Qxd7 24. Rxd7 Re8 25. Kf3 Re7 26. Rd8 f5
27. Nc5 Kf7 28. Nd7 Re8 29. Rxe8 Kxe8 30. Nxf8 Kxf8 31. Kf4 g6 32. Ke5 Ke7 33.
h4 a5 34. a4 1-0

[Event "Roses"]
[Site "Roses"]
[Date "1992.??.??"]
[Round "1"]
[White "Cuadras Avellana, Jordi"]
[Black "Ubilava, Elizbar"]
[Result "0-1"]
[WhiteElo "2320"]
[BlackElo "2560"]
[PlyCount "50"]
[EventDate "1992.09.??"]
[EventType "tourn"]
[EventRounds "9"]
[EventCountry "ESP"]
[EventCategory "9"]
[SourceTitle "TD"]
[Source "ChessBase"]
[SourceDate "1994.03.01"]
[SourceVersion "1"]
[SourceVersionDate "1994.03.01"]
[SourceQuality "1"]

1. c4 Nf6 2. Nc3 g6 3. e4 d6 4. d4 Bg7 5. f3 c5 6. dxc5 dxc5 7. Qxd8+ Kxd8 8.
Be3 Nfd7 9. Nge2 Na6 10. O-O-O b6 11. f4 e6 12. g3 Bb7 13. Bh3 Ke7 14. Rhf1 h6
15. f5 Rhd8 16. fxe6 fxe6 17. Nf4 Nf8 18. Bg2 Nb4 19. a3 Rxd1+ 20. Rxd1 Nc6 21.
Nb5 Na5 22. Nd6 Ba6 23. Bf1 Rd8 24. b4 Nb3+ 25. Kc2 Rxd6 0-1

[Event "Roses"]
[Site "Roses"]
[Date "1992.??.??"]
[Round "2"]
[White "Ubilava, Elizbar"]
[Black "Vehi Bach, Victor Manuel"]
[Result "1-0"]
[WhiteElo "2560"]
[BlackElo "2390"]
[PlyCount "113"]
[EventDate "1992.09.??"]
[EventType "tourn"]
[EventRounds "9"]
[EventCountry "ESP"]
[EventCategory "9"]
[SourceTitle "TD"]
[Source "ChessBase"]
[SourceDate "1994.03.01"]
[SourceVersion "1"]
[SourceVersionDate "1994.03.01"]
[SourceQuality "1"]

1. c4 e5 2. Nc3 Nc6 3. e3 g6 4. d4 d6 5. dxe5 Nxe5 6. b3 Bg7 7. Bb2 Nf6 8. Be2
O-O 9. Nf3 Ne4 10. Qc2 Nxc3 11. Bxc3 Bf5 12. Qb2 Nxf3+ 13. Bxf3 Bxc3+ 14. Qxc3
Rb8 15. Rd1 Qe7 16. O-O a6 17. Qa5 Bc8 18. Rd2 b6 19. Qc3 Be6 20. Rc1 Rfe8 21.
h3 Qg5 22. Kf1 Qe7 23. Bd5 c5 24. Qd3 Red8 25. Qe4 b5 26. Qf4 Bxd5 27. Rxd5
bxc4 28. Rxc4 a5 29. h4 Rb4 30. h5 Rxc4 31. bxc4 f5 32. g4 fxg4 33. Qxg4 Qf6
34. Kg2 Kh8 35. hxg6 Rg8 36. Rg5 h6 37. Rf5 Qxg6 38. Qxg6 Rxg6+ 39. Kf3 Kg7 40.
Ke4 Rg1 41. Kd5 Kg6 42. Rf8 Kg7 43. Rf3 Rd1+ 44. Ke6 h5 45. Rg3+ Kh6 46. f4 h4
47. Rf3 Rg1 48. f5 Rg3 49. Rxg3 hxg3 50. f6 g2 51. f7 g1=Q 52. f8=Q+ Kh7 53.
Qf5+ Kg8 54. Qf7+ Kh8 55. Qh5+ Kg8 56. Kxd6 Qxe3 57. Qxc5 1-0

[Event "Roses"]
[Site "Roses"]
[Date "1992.??.??"]
[Round "5"]
[White "Ubilava, Elizbar"]
[Black "Pomes Marcet, Juan"]
[Result "1-0"]
[WhiteElo "2560"]
[BlackElo "2395"]
[PlyCount "55"]
[EventDate "1992.09.??"]
[EventType "tourn"]
[EventRounds "9"]
[EventCountry "ESP"]
[EventCategory "9"]
[SourceTitle "TD"]
[Source "ChessBase"]
[SourceDate "1994.03.01"]
[SourceVersion "1"]
[SourceVersionDate "1994.03.01"]
[SourceQuality "1"]

1. d4 f5 2. g3 Nf6 3. Bg2 g6 4. Nh3 Bg7 5. Nf4 O-O 6. h4 Nc6 7. h5 Qe8 8. hxg6
hxg6 9. Nc3 Qf7 10. Nb5 Ne4 11. c3 Rb8 12. Nxc7 b5 13. Qb3 e6 14. d5 Nd8 15.
Nxb5 Qf6 16. Qc4 Ba6 17. a4 Rc8 18. Qb4 Bxb5 19. axb5 Nxc3 20. O-O e5 21. bxc3
exf4 22. Bxf4 Rxc3 23. Rxa7 g5 24. Bd6 Re8 25. b6 Nf7 26. Bc7 Qd4 27. Qxd4 Bxd4
28. Ra4 1-0

[Event "Roses"]
[Site "Roses"]
[Date "1992.??.??"]
[Round "7"]
[White "Ubilava, Elizbar"]
[Black "Pablo Marin, Alejandro"]
[Result "1-0"]
[WhiteElo "2560"]
[BlackElo "2365"]
[PlyCount "60"]
[EventDate "1992.09.??"]
[EventType "tourn"]
[EventRounds "9"]
[EventCountry "ESP"]
[EventCategory "9"]
[SourceTitle "TD"]
[Source "ChessBase"]
[SourceDate "1994.03.01"]
[SourceVersion "1"]
[SourceVersionDate "1994.03.01"]
[SourceQuality "1"]

1. d4 f5 2. g3 Nf6 3. Bg2 e6 4. Nh3 d5 5. O-O c6 6. Nd2 Be7 7. Nf3 O-O 8. Nf4
Ne4 9. Ne5 c5 10. c4 Nc6 11. cxd5 exd5 12. Nf3 c4 13. h4 b5 14. Nh3 a5 15. Bg5
Ra6 16. Nf4 Bxg5 17. Nxg5 Ne7 18. Nf3 b4 19. b3 a4 20. Ne5 cxb3 21. axb3 a3 22.
Qc2 Qd6 23. Rfc1 Ra7 24. Bxe4 fxe4 25. Qc5 Qxc5 26. Rxc5 Ba6 27. Ra5 Rfa8 28.
Ra4 Rb7 29. Rc1 Raa7 30. Nxd5 Bc4 1-0

[Event "Candas op"]
[Site "Candas"]
[Date "1992.??.??"]
[Round "5"]
[White "Martin Gonzalez, Angel"]
[Black "Ubilava, Elizbar"]
[Result "0-1"]
[WhiteElo "2435"]
[BlackElo "2560"]
[PlyCount "80"]
[EventDate "1992.10.??"]
[EventType "swiss"]
[EventRounds "9"]
[EventCountry "ESP"]
[SourceTitle "TD"]
[Source "ChessBase"]
[SourceDate "1994.03.01"]
[SourceVersion "1"]
[SourceVersionDate "1994.03.01"]
[SourceQuality "1"]

1. e4 c5 2. Nf3 d6 3. d4 cxd4 4. Nxd4 Nf6 5. Nc3 Nc6 6. Bc4 Na5 7. Bd3 g6 8.
Be3 Bg7 9. f3 Nd7 10. f4 O-O 11. Nf3 Nc5 12. O-O Nxd3 13. cxd3 Bd7 14. Qd2 e6
15. Kh1 Nc6 16. g4 f5 17. gxf5 exf5 18. Rae1 Qa5 19. Qf2 Rae8 20. Qh4 Qd8 21.
Qg3 Bxc3 22. bxc3 fxe4 23. Nh4 Bf5 24. Nxf5 Rxf5 25. Bc1 d5 26. c4 exd3 27.
Qxd3 d4 28. Re4 Rxe4 29. Qxe4 Qe7 30. Qd3 Qe6 31. Bd2 Rf8 32. Re1 Qf5 33. Qb3
Rf7 34. c5 Kg7 35. Qc4 Rd7 36. Kg1 Qd5 37. Qc1 Re7 38. Rxe7+ Nxe7 39. Qe1 Nf5
40. Qe8 Qxc5 0-1

[Event "Candas op"]
[Site "Candas"]
[Date "1992.??.??"]
[Round "7"]
[White "San Segundo Carrillo, Pablo"]
[Black "Ubilava, Elizbar"]
[Result "0-1"]
[WhiteElo "2415"]
[BlackElo "2560"]
[PlyCount "106"]
[EventDate "1992.10.??"]
[EventType "swiss"]
[EventRounds "9"]
[EventCountry "ESP"]
[SourceTitle "TD"]
[Source "ChessBase"]
[SourceDate "1994.03.01"]
[SourceVersion "1"]
[SourceVersionDate "1994.03.01"]
[SourceQuality "1"]

1. d4 Nf6 2. c4 g6 3. Nc3 Bg7 4. e4 d6 5. h3 O-O 6. Nf3 e5 7. d5 Nh5 8. Nh2 a5
9. g3 Na6 10. Be2 Nf6 11. Ng4 h5 12. Nxf6+ Bxf6 13. h4 Nc5 14. Be3 Be7 15. Qd2
f5 16. f3 a4 17. O-O-O a3 18. b3 f4 19. gxf4 Rxf4 20. Rdg1 Kh7 21. Rg5 Bd7 22.
Rhg1 Be8 23. Kc2 Rf8 24. R5g3 c6 25. Bf1 Bf6 26. Qg2 Rg8 27. Bc1 Qe7 28. Qd2
Qf8 29. Bh3 Bxh4 30. R3g2 Kh8 31. f4 cxd5 32. fxe5 dxc4 33. b4 Nb3 34. Qxd6 Qg7
35. Bf5 Rd8 36. Qc7 g5 37. axb3 cxb3+ 38. Kb1 b2 39. Bxb2 axb2 40. e6 Bg6 41.
Qxg7+ Rxg7 42. Nd5 g4 43. Kxb2 Be8 44. e7 Bxe7 45. Nxe7 Rxe7 46. Rc2 Rd4 47.
Kc3 Rd6 48. Kb2 Kg7 49. Rc5 b6 50. Rc8 Bg6 51. Rf1 Rf6 52. Kc3 Rxe4 53. Rc7+
Bf7 0-1

[Event "Elgoibar 02nd"]
[Site "Elgoibar"]
[Date "1992.??.??"]
[Round "3"]
[White "Suarez Roa, Jose Francisco"]
[Black "Ubilava, Elizbar"]
[Result "0-1"]
[WhiteElo "2415"]
[BlackElo "2560"]
[PlyCount "71"]
[EventDate "1992.11.??"]
[EventType "tourn"]
[EventRounds "9"]
[EventCountry "ESP"]
[EventCategory "6"]
[SourceTitle "EXT 2004"]
[Source "ChessBase"]
[SourceDate "2003.11.25"]
[SourceVersion "1"]
[SourceVersionDate "2003.11.25"]
[SourceQuality "1"]

1. e4 c5 2. Nf3 d6 3. d4 cxd4 4. Nxd4 Nc6 5. Nc3 Nf6 6. Bg5 Bd7 7. Be2 Qa5 8.
Bxf6 gxf6 9. O-O Nxd4 10. Qxd4 Rc8 11. Nd5 Qc5 12. Qd3 Qxc2 13. Qe3 Bh6 14.
Qxh6 Qxe2 15. Qg7 Rf8 16. Rac1 Bc6 17. Qxh7 Qxb2 18. Qg7 Kd7 19. Qg4+ e6 20.
Nc3 Ke7 21. Qg3 Rg8 22. Qe3 Qb6 23. Qxb6 axb6 24. g3 Rg5 25. Rb1 Rc5 26. Rb3
Bd7 27. Ne2 Rc2 28. Nf4 R8c4 29. Rxb6 Bc6 30. Re1 Rc1 31. Rb1 Rxb1 32. Rxb1
Bxe4 33. Re1 f5 34. Ng2 Rc2 35. Ne3 Rxa2 36. f3 0-1

[Event "ESP-chT"]
[Site "Spain"]
[Date "1993.??.??"]
[Round "?"]
[White "Brito Garcia, Alfredo"]
[Black "Ubilava, Elizbar"]
[Result "0-1"]
[WhiteElo "2375"]
[BlackElo "2530"]
[PlyCount "102"]
[EventDate "1993.??.??"]
[EventType "team"]
[EventRounds "9"]
[EventCountry "ESP"]
[SourceTitle "TD"]
[Source "ChessBase"]
[SourceDate "1994.03.01"]
[SourceVersion "1"]
[SourceVersionDate "1994.03.01"]
[SourceQuality "1"]

1. d4 Nf6 2. c4 g6 3. Nc3 Bg7 4. e4 d6 5. f3 O-O 6. Be3 c5 7. dxc5 dxc5 8. Qxd8
Rxd8 9. Rd1 Rxd1+ 10. Kxd1 Nfd7 11. f4 Bxc3 12. bxc3 Nc6 13. Nf3 b6 14. Bd3 e5
15. g3 Bb7 16. Rf1 Re8 17. Nd2 Na5 18. Kc2 Ba6 19. Rd1 Nb8 20. h4 Nbc6 21. h5
f6 22. Bf1 Rd8 23. Be2 Kg7 24. Rh1 Bc8 25. Nf3 Be6 26. hxg6 hxg6 27. fxe5 Nxe5
28. Nxe5 fxe5 29. Bh6+ Kg8 30. Rf1 Bxc4 31. Bxc4+ Nxc4 32. Rf6 Rd6 33. Rf8+ Kh7
34. Bg5 Kg7 35. Re8 Rd7 36. Re6 Kf7 37. Rf6+ Kg7 38. Re6 Rf7 39. a4 Rf2+ 40.
Kd3 Nb2+ 41. Ke3 Nd1+ 42. Kd3 Rg2 43. Rxe5 Nb2+ 44. Ke3 Nc4+ 45. Kf3 Rxg3+ 46.
Kxg3 Nxe5 47. Kf4 Nd3+ 48. Ke3 Nb2 49. Kf4 Nc4 50. Bh4 Kf7 51. Kg5 Nb2 0-1

[Event "ESP-chT"]
[Site "Spain"]
[Date "1993.??.??"]
[Round "?"]
[White "Ubilava, Elizbar"]
[Black "Fernandez Garcia, Jose Luis"]
[Result "1-0"]
[WhiteElo "2530"]
[BlackElo "2445"]
[PlyCount "127"]
[EventDate "1993.??.??"]
[EventType "team"]
[EventRounds "9"]
[EventCountry "ESP"]
[SourceTitle "TD"]
[Source "ChessBase"]
[SourceDate "1994.03.01"]
[SourceVersion "1"]
[SourceVersionDate "1994.03.01"]
[SourceQuality "1"]

1. c4 Nf6 2. Nc3 d5 3. cxd5 Nxd5 4. e4 Nxc3 5. bxc3 g6 6. Nf3 Bg7 7. Ba3 O-O 8.
d4 b6 9. Rc1 c5 10. Be2 Nc6 11. dxc5 Qxd1+ 12. Bxd1 Be6 13. Ba4 Rfc8 14. Bxc6
Rxc6 15. Nd4 Rc7 16. Nxe6 fxe6 17. Ke2 bxc5 18. Rhd1 Rb8 19. Rc2 Rb6 20. Rd8+
Kf7 21. Bc1 Rd6 22. Ra8 Ra6 23. Rb8 Ra4 24. f3 Rc6 25. Rb5 Be5 26. f4 Bc7 27.
c4 a6 28. Rb3 h5 29. e5 Rb6 30. Rxb6 Bxb6 31. a3 Ba5 32. Kd3 Ke8 33. Ke4 Kd7
34. h3 h4 35. Kf3 Ke8 36. g3 hxg3 37. Kxg3 Kf7 38. Kf3 Be1 39. Ke4 Bg3 40. Kd3
g5 41. fxg5 Bxe5 42. h4 Kg6 43. Rg2 Bd4 44. Re2 e5 45. Re4 Kh5 46. Re2 Kxh4 47.
g6 Kh5 48. g7 e4+ 49. Rxe4 Bxg7 50. Kc2 Bh6 51. Bb2 Bg7 52. Bxg7 Rxa3 53. Rxe7
Ra4 54. Re4 Rb4 55. Bc3 Rb6 56. Re5+ Kg6 57. Rxc5 Kf7 58. Re5 Re6 59. Rxe6 Kxe6
60. Kb3 Kd7 61. Kb4 Kc6 62. Bd4 Kd6 63. Ka5 Kc6 64. Kxa6 1-0

[Event "ESP-chT"]
[Site "Spain"]
[Date "1993.??.??"]
[Round "?"]
[White "Ubilava, Elizbar"]
[Black "Rivas Pastor, Manuel"]
[Result "1-0"]
[WhiteElo "2530"]
[BlackElo "2530"]
[PlyCount "55"]
[EventDate "1993.??.??"]
[EventType "team"]
[EventRounds "9"]
[EventCountry "ESP"]
[SourceTitle "TD"]
[Source "ChessBase"]
[SourceDate "1994.03.01"]
[SourceVersion "1"]
[SourceVersionDate "1994.03.01"]
[SourceQuality "1"]

1. d4 d6 2. c4 e5 3. Nf3 e4 4. Ng5 f5 5. Nc3 Be7 6. Nh3 Nf6 7. e3 c6 8. Be2 O-O
9. O-O Na6 10. f3 exf3 11. Bxf3 Nc7 12. Qb3 Kh8 13. Bd2 d5 14. cxd5 Ncxd5 15.
Nxd5 Nxd5 16. Bxd5 Qxd5 17. Qxd5 cxd5 18. Nf4 Rd8 19. Rac1 b6 20. Rc2 g5 21.
Nh5 Ba6 22. Rc7 Bxf1 23. Rxe7 Bd3 24. Nf6 f4 25. exf4 g4 26. f5 Bxf5 27. Bf4
Rf8 28. Nxg4 1-0

[Event "ESP-chT"]
[Site "Spain"]
[Date "1993.??.??"]
[Round "?"]
[White "Ubilava, Elizbar"]
[Black "Vega Holm, Fernando"]
[Result "1-0"]
[WhiteElo "2530"]
[BlackElo "2385"]
[PlyCount "77"]
[EventDate "1993.??.??"]
[EventType "team"]
[EventRounds "9"]
[EventCountry "ESP"]
[SourceTitle "TD"]
[Source "ChessBase"]
[SourceDate "1994.03.01"]
[SourceVersion "1"]
[SourceVersionDate "1994.03.01"]
[SourceQuality "1"]

1. Nf3 e6 2. g3 f5 3. Bg2 Nf6 4. d3 d5 5. O-O Bc5 6. a3 a5 7. c4 c6 8. Nc3 O-O
9. Bf4 Nbd7 10. e4 e5 11. Nxe5 Nxe5 12. Bxe5 Ng4 13. exd5 Bxf2+ 14. Rxf2 Nxe5
15. Qd2 Ng4 16. Rff1 Bd7 17. Rae1 Qf6 18. d4 Rae8 19. Ne4 Qg6 20. Nc5 Bc8 21.
Nd3 Qf6 22. Nf4 g5 23. Ne6 Bxe6 24. dxe6 f4 25. d5 Qh6 26. h3 Ne3 27. Rxe3 fxe3
28. Rxf8+ Qxf8 29. Qxe3 Qf5 30. Be4 Qf6 31. dxc6 bxc6 32. Bxc6 Re7 33. b4 axb4
34. axb4 Kg7 35. Bd5 Qa1+ 36. Kg2 Qb2+ 37. Kf3 Qf6+ 38. Ke4 h6 39. Qd4 1-0

[Event "Oviedo rapid"]
[Site "Oviedo"]
[Date "1993.??.??"]
[Round "10"]
[White "Paramos Dominguez, Roberto"]
[Black "Ubilava, Elizbar"]
[Result "0-1"]
[WhiteElo "2315"]
[BlackElo "2530"]
[PlyCount "70"]
[EventDate "1993.??.??"]
[EventType "swiss (rapid)"]
[EventRounds "13"]
[EventCountry "ESP"]
[SourceTitle "CBM 038 Extra"]
[Source "ChessBase"]
[SourceDate "1994.03.01"]
[SourceVersion "1"]
[SourceVersionDate "1994.03.01"]
[SourceQuality "1"]

1. d4 Nf6 2. c4 g6 3. Nc3 Bg7 4. g3 O-O 5. Bg2 d6 6. Nf3 Nbd7 7. O-O e5 8. e4
c6 9. h3 Qa5 10. Re1 exd4 11. Nxd4 Re8 12. Be3 Ne5 13. Bf1 Be6 14. Nxe6 Rxe6
15. Rc1 Nxe4 16. Nxe4 Qxe1 17. Qa4 Nf3+ 18. Kh1 Qxc1 19. Bxc1 Rxe4 20. Be3 Re7
21. Qd1 Ne5 22. Qxd6 Rd7 23. Qa3 Nf3 24. Be2 Nd4 25. Bg5 f5 26. Bd1 a6 27. Kg2
Re8 28. b4 Kh8 29. Qc1 h5 30. h4 Kh7 31. a4 Re4 32. b5 axb5 33. axb5 cxb5 34.
cxb5 Nxb5 35. Bf3 Re8 0-1

[Event "Protvino zt"]
[Site "Protvino"]
[Date "1993.??.??"]
[Round "?"]
[White "Ubilava, Elizbar"]
[Black "Danielian, Oganes"]
[Result "1-0"]
[WhiteElo "2530"]
[BlackElo "2440"]
[Annotator "Chekhov,V"]
[PlyCount "79"]
[EventDate "1993.03.??"]
[EventType "tourn"]
[EventRounds "9"]
[EventCountry "RUS"]
[EventCategory "10"]
[SourceTitle "CBM 035"]
[Source "ChessBase"]
[SourceDate "1993.08.01"]
[SourceVersion "1"]
[SourceVersionDate "1993.08.01"]
[SourceQuality "1"]

1. c4 {Ribli} e5 2. Nc3 Bb4 3. Nd5 Be7 $5 (3... Ba5 4. b4 c6 5. bxa5 cxd5 6.
cxd5 Qxa5 7. e4 (7. Qb3 $5 Nf6 8. Nf3 d6 9. Ba3 Qxd5 10. Qxd5 Nxd5 11. Bxd6 $16
{Christiansen,L-Chekhov,V/BRD/1992/}) 7... Nf6 8. f3 d6 9. Ne2 O-O 10. Ng3 Bd7
11. Bb2 Rc8 12. a4 $1 Na6 13. Be2 {Lautier,J-Torre,E/Manila ol/1992/} Rc7 $1
$13) 4. Nf3 e4 $146 (4... Nc6 5. d4 e4 6. Nd2 f5 7. e3 Nf6 8. Nxe7 Qxe7 9. Be2
d6 10. b4 O-O 11. b5 Nd8 12. a4 Ne6 13. Nb3 Ng4 $132 {Lautier,J-Gavrikov,V/
Biel/1991/}) (4... d6 {Ribli Miralles,G-Fayard,A/FRA-ch/1991/CBM27/}) 5. Nd4
Nf6 6. Nf5 (6. Nxe7 Qxe7 $10) (6. g3 Nxd5 7. cxd5 O-O 8. Bg2 Bf6 9. Nb3 Qe7 10.
d3 $14) 6... Nxd5 7. cxd5 g6 $8 (7... O-O 8. Qc2) (7... Bf6 8. Qc2 $16) 8. Nxe7
Qxe7 9. g3 (9. d3 O-O $10) 9... c6 (9... O-O 10. Bg2 c6 11. d6 $14) 10. Qc2 $5
(10. dxc6 Nxc6 11. Bg2 O-O 12. O-O d5 13. d3 Bf5 $10) 10... O-O 11. d6 Qxd6 12.
Qxe4 Qf6 13. d3 (13. Bg2 d5 14. Qf3 Qxf3 15. Bxf3 Bh3 16. d3 $14) 13... d5 14.
Qf4 Qe7 $5 (14... Qxf4 15. Bxf4 Re8 16. Kd2 $1 Na6 17. Bg2 Bg4 18. Rhe1 $14)
15. Bg2 Re8 16. O-O $1 (16. Qf3 Nd7 {/\ 17...Qb4=/+}) (16. Be3 $5 $14 {Ribli})
16... Qxe2 17. Bd2 Be6 18. Bc3 Nd7 19. Rfe1 (19. Rad1 $5 {Ribli}) 19... Qxd3
20. Rad1 Qf5 21. Qc7 $44 Rab8 (21... c5 $5 22. Qxb7 d4 23. Bd2 Rab8 $13) 22. h3
$1 {/\ 23.g4 Qg5 24.Re6+-} g5 (22... h5 $5) 23. f4 gxf4 $6 (23... g4 $5 $13)
24. gxf4 f6 (24... Qg6 {Ribli} 25. Kh2 $36) 25. Re3 Nf8 $6 (25... Re7 $5 26.
Rde1 Rbe8 $13) 26. Rde1 (26. Rg3+ Ng6 27. Rg5 Qc2 $13) 26... Rbd8 $6 {/\ d4} (
26... Bf7 $142) 27. Rg3+ Ng6 28. Rg5 $1 $16 Rc8 (28... Qc2 29. Rxe6 $18) (28...
Rd7 29. Qxd7 Bxd7 30. Rxe8+ Bxe8 31. Rxf5 $18) (28... fxg5 29. Qg7#) 29. Qxb7 (
29. Rxf5 {Ribli} Rxc7 30. Rxf6 Bf7 31. Rxe8+ Bxe8 32. f5 Nh4 $13) 29... Qxf4 (
29... Qc2 30. Bxf6 $18) 30. Rxg6+ hxg6 31. Rxe6 $18 Qc1+ 32. Bf1 Qg5+ 33. Kh1
Rxe6 34. Qxc8+ Kf7 35. Bb4 Re4 36. Qf8+ Ke6 37. Qe7+ Kf5 38. Qd7+ Ke5 39. Bd6+
Kd4 40. Qxa7+ 1-0

[Event "Ibercaja op"]
[Site "Zaragoza"]
[Date "1993.??.??"]
[Round "?"]
[White "Eslon, Jaan"]
[Black "Ubilava, Elizbar"]
[Result "0-1"]
[WhiteElo "2440"]
[BlackElo "2530"]
[PlyCount "80"]
[EventDate "1993.04.??"]
[EventType "swiss"]
[EventRounds "9"]
[EventCountry "ESP"]
[SourceTitle "EXT 1997"]
[Source "ChessBase"]
[SourceDate "1996.11.15"]
[SourceVersion "1"]
[SourceVersionDate "1996.11.15"]
[SourceQuality "1"]

1. Nf3 Nf6 2. e3 g6 3. b4 Bg7 4. Bb2 d6 5. Be2 O-O 6. O-O e5 7. d3 Nc6 8. a3 e4
9. dxe4 Nxe4 10. Bxg7 Kxg7 11. c4 Qf6 12. Ra2 Re8 13. Nfd2 Nc3 14. Nxc3 Qxc3
15. Nb1 Qf6 16. Qd2 Be6 17. Nc3 Ne5 18. Nd5 Qd8 19. f4 Nd7 20. Qc3+ Kg8 21. e4
Bxd5 22. exd5 Qf6 23. Qxf6 Nxf6 24. Bf3 Re3 25. c5 Rae8 26. cxd6 cxd6 27. Rc2
Rxa3 28. Rc7 b6 29. Rfc1 Ra4 30. Rb7 Rxb4 31. Rxa7 Rxf4 32. Rb7 g5 33. h3 h5
34. Rf1 Re5 35. Rxb6 g4 36. hxg4 hxg4 37. Bd1 Rxf1+ 38. Kxf1 Rxd5 39. Bb3 Rd2
40. g3 Kg7 0-1

[Event "Ibercaja op"]
[Site "Zaragoza"]
[Date "1993.??.??"]
[Round "?"]
[White "Ubilava, Elizbar"]
[Black "Sanchez Almeyra, Jorge"]
[Result "1-0"]
[WhiteElo "2530"]
[BlackElo "2435"]
[PlyCount "77"]
[EventDate "1993.04.??"]
[EventType "swiss"]
[EventRounds "9"]
[EventCountry "ESP"]
[SourceTitle "EXT 1997"]
[Source "ChessBase"]
[SourceDate "1996.11.15"]
[SourceVersion "1"]
[SourceVersionDate "1996.11.15"]
[SourceQuality "1"]

1. c4 e5 2. Nc3 Nf6 3. g3 Bb4 4. Bg2 O-O 5. Nf3 Re8 6. O-O Bxc3 7. bxc3 e4 8.
Ne1 Nc6 9. f3 e3 10. d3 d5 11. Qb3 dxc4 12. Qxc4 Na5 13. Qa4 c5 14. c4 b6 15.
Nc2 Bb7 16. Qa3 Rc8 17. Bb2 Qe7 18. Bc3 Nc6 19. Qb2 Ne5 20. Bxe5 Qxe5 21. Qxe5
Rxe5 22. a4 Re7 23. a5 Rb8 24. axb6 axb6 25. Rfb1 Bc8 26. f4 Kf8 27. Ra3 Bd7
28. Ra6 b5 29. cxb5 Rxb5 30. Rxb5 Bxb5 31. Ra5 Be8 32. Rxc5 h5 33. h3 Ba4 34.
Rc8+ Ne8 35. Nd4 g6 36. Ra8 Bd7 37. Nc6 Re6 38. Ne5 Bb5 39. Bd5 1-0

[Event "San Sebastian op"]
[Site "San Sebastian"]
[Date "1993.??.??"]
[Round "?"]
[White "Pastor Pons, Carlos Luis"]
[Black "Ubilava, Elizbar"]
[Result "0-1"]
[WhiteElo "2320"]
[BlackElo "2530"]
[PlyCount "119"]
[EventDate "1993.04.??"]
[EventType "swiss"]
[EventRounds "9"]
[EventCountry "ESP"]
[SourceTitle "TD"]
[Source "ChessBase"]
[SourceDate "1994.03.01"]
[SourceVersion "1"]
[SourceVersionDate "1994.03.01"]
[SourceQuality "1"]

1. e4 c5 2. Nf3 d6 3. c3 Nf6 4. Bd3 g6 5. Bc2 Bg7 6. O-O Nc6 7. h3 e5 8. d4
exd4 9. cxd4 O-O 10. dxc5 dxc5 11. Nc3 Be6 12. Bg5 h6 13. Be3 Qxd1 14. Raxd1 b6
15. Nd5 Bxd5 16. exd5 Nb4 17. Bb3 Rac8 18. Bc4 b5 19. Bxb5 Nfxd5 20. Bc1 c4 21.
a3 Rc5 22. Bxc4 Rxc4 23. axb4 Nxb4 24. Be3 a6 25. Rd2 Nc2 26. b3 Nxe3 27. bxc4
Nxf1 28. Kxf1 a5 29. Ra2 Ra8 30. Ra4 Kf8 31. Ke2 Ke7 32. Kd3 Kd6 33. Nd2 Kc6
34. Ne4 f5 35. Nc3 Kc5 36. Nd5 Be5 37. Ne7 Ra6 38. Nd5 Ra7 39. Nc3 Bf6 40. Nd5
Bd8 41. Nc3 Rb7 42. Nb5 Rd7+ 43. Kc2 f4 44. f3 g5 45. Na3 Rd4 46. Kc1 Rd3 47.
Kc2 Re3 48. Kd2 Rb3 49. Nc2 Rb1 50. Ne1 Kb6 51. Ke2 Bf6 52. Kd2 h5 53. Ra2 Rb4
54. Kd3 a4 55. Nc2 Rb3+ 56. Kd2 Ka5 57. Ne3 a3 58. Nf5 Be5 59. c5 Kb4 60. c6
0-1